[Event "SRB-chT 2nd League East"]
[Site "Knic"]
[Date "2019.09.08"]
[Round "4.1"]
[White "Cvetkovic, Nemanja"]
[Black "Djordjevic, Vuk D"]
[Result "1-0"]
[WhiteElo "2316"]
[BlackElo "2368"]
[PlyCount "101"]
[EventDate "2019.09.06"]
[EventType "team-tourn"]
[EventRounds "11"]
[EventCountry "SRB"]
[SourceTitle "EXT 2020"]
[Source "ChessBase"]
[SourceDate "2019.10.17"]
[SourceVersion "1"]
[SourceVersionDate "2019.10.17"]
[SourceQuality "1"]
[WhiteTeam "Majdanpek"]
[BlackTeam "Paracin"]
[WhiteTeamCountry "SRB"]
[BlackTeamCountry "SRB"]

1. d4 Nf6 2. c4 e6 3. Nf3 b6 4. g3 Bb7 5. Bg2 Bb4+ 6. Nbd2 0-0 7. 0-0 a5 8. Qc2 Bxd2 9. Qxd2 d6 10. b3 Nbd7 11. Bb2 Qe7 12. Bh3 a4 13. Rad1 Rfd8 14. Nh4 a3 15. Ba1 d5 16. cxd5 exd5 17. Nf5 Qf8 18. Qf4 g6 19. Nh6+ Kg7 20. Ng4 Ba6 21. Rfe1 Nxg4 22. Bxg4 f5 23. Bf3 c6 24. Rc1 Rac8 25. Bc3 Nf6 26. Qd2 Ne4 27. Bxe4 fxe4 28. Bb4 Qf5 29. Bxa3 Re8 30. Bd6 g5 31. Qb4 Re6 32. Be5+ Kg6 33. Qxb6 c5 34. Qa7 Rf8 35. Qg7+ Kh5 36. f3 exf3 37. exf3 Qxf3 38. Qxh7+ Rh6 39. Qc2 Bd3 40. Qd1 Qxd1 41. Rexd1 Rf3 42. dxc5 Re6 43. Bd6 Re2 44. c6 Be4 45. Re1 Rxe1+ 46. Rxe1 Rc3 47. c7 Bf5 48. Re5 Kg4 49. h3+ Kxh3 50. Rxf5 d4 51. Rc5 1-0

[Event "Belgrade-chT Quality"]
[Site "Belgrade"]
[Date "2018.09.28"]
[Round "11.2"]
[White "Stamatovic, Aleksandar"]
[Black "Cvetkovic, Nemanja"]
[Result "0-1"]
[WhiteElo "2168"]
[BlackElo "2289"]
[PlyCount "98"]
[EventDate "2018.09.17"]
[EventType "team-tourn"]
[EventRounds "11"]
[EventCountry "SRB"]
[SourceTitle "CBM 186 Extra"]
[Source "ChessBase"]
[SourceDate "2018.08.24"]
[SourceVersion "1"]
[SourceVersionDate "2018.08.24"]
[SourceQuality "1"]
[WhiteTeam "Bogoslov"]
[BlackTeam "Mirijevo"]
[WhiteTeamCountry "SRB"]
[BlackTeamCountry "SRB"]

1. e4 Nf6 2. e5 Nd5 3. Nc3 Nxc3 4. dxc3 d6 5. Bf4 Nc6 6. Nf3 dxe5 7. Nxe5 Qxd1+ 8. Rxd1 Nxe5 9. Bxe5 c6 10. Bc4 Bf5 11. 0-0 f6 12. Bg3 e5 13. Rfe1 Rd8 14. Rd4 Be7 15. Rxd8+ Kxd8 16. f4 Bc5+ 17. Kf1 exf4 18. Bxf4 Bxc2 19. b4 Bb6 20. Re2 Bf5 21. a4 a5 22. b5 Re8 23. bxc6 Rxe2 24. cxb7 Rf2+ 25. Ke1 Ba7 26. Be3 Rb2 27. Bxa7 Rxb7 28. Bd4 Bd7 29. Bd3 Rb2 30. c4 Rxg2 31. h4 Bxa4 32. Bb6+ Ke7 33. Bxa5 Rh2 34. Bxh7 Rxh4 35. Bd3 Bb3 36. c5 Bc4 37. Bc2 Bb5 38. Kd2 g5 39. Ke3 Bd7 40. Be1 Rh3+ 41. Kd4 Bc6 42. Bf5 Rf3 43. Bd3 f5 44. Bd2 Kf6 45. Be2 Rh3 46. Be1 g4 47. Ba5 g3 48. Bd8+ Kg6 49. Ke3 g2+ 0-1

[Event "Paracin Summer op-A 11th"]
[Site "Paracin"]
[Date "2018.07.13"]
[Round "9"]
[White "Cvetkovic, Nemanja"]
[Black "Kulkarni, Chinmay"]
[Result "0-1"]
[WhiteElo "2278"]
[BlackElo "2336"]
[PlyCount "66"]
[EventDate "2018.07.06"]
[EventType "swiss"]
[EventRounds "9"]
[EventCountry "SRB"]
[SourceTitle "CBM 185 Extra"]
[Source "ChessBase"]
[SourceDate "2018.07.29"]
[SourceVersion "1"]
[SourceVersionDate "2018.07.29"]
[SourceQuality "1"]

1. d4 d5 2. c4 c6 3. Nf3 Nf6 4. e3 Bf5 5. Nc3 e6 6. Bd3 Bxd3 7. Qxd3 Be7 8. 0-0 0-0 9. b3 Nbd7 10. Bb2 Qa5 11. e4 dxe4 12. Nxe4 Rad8 13. Rfd1 Rfe8 14. Rd2 e5 15. Bc3 Qb6 16. Nxf6+ Bxf6 17. Re1 h6 18. Kf1 exd4 19. Rxe8+ Rxe8 20. Bxd4 Nc5 21. Qf5 Bxd4 22. Rxd4 Qa5 23. g3 g6 24. Qf6 Ne4 25. Qf4 g5 26. Qg4 Nf6 27. Qh3 Kg7 28. Kg2 Re2 29. Qc8 Qxa2 30. Qf5 Rxf2+ 31. Kg1 Rg2+ 32. Kh1 Qf2 33. Qd3 g4 0-1

[Event "Paracin Summer op-A 11th"]
[Site "Paracin"]
[Date "2018.07.10"]
[Round "5"]
[White "Cvetkovic, Nemanja"]
[Black "Lajthajm, Borko"]
[Result "0-1"]
[WhiteElo "2278"]
[BlackElo "2422"]
[PlyCount "104"]
[EventDate "2018.07.06"]
[EventType "swiss"]
[EventRounds "9"]
[EventCountry "SRB"]
[SourceTitle "CBM 185 Extra"]
[Source "ChessBase"]
[SourceDate "2018.07.29"]
[SourceVersion "1"]
[SourceVersionDate "2018.07.29"]
[SourceQuality "1"]

1. d4 Nf6 2. c4 e6 3. Nf3 b6 4. g3 Bb7 5. Bg2 Bb4+ 6. Nbd2 0-0 7. 0-0 a5 8. Qc2 Bxd2 9. Qxd2 Be4 10. Bh3 a4 11. Nh4 h6 12. f3 Bh7 13. e4 d6 14. Qe2 Re8 15. Be3 Nc6 16. d5 Ne5 17. Ng2 Ned7 18. Rad1 Qe7 19. Rd3 Ra5 20. Ra3 Rb8 21. Qc2 Rba8 22. Qc3 Nf8 23. b4 axb3 24. Rxa5 Rxa5 25. axb3 N6d7 26. Ra1 Rxa1+ 27. Qxa1 Ne5 28. Ne1 exd5 29. cxd5 f5 30. Qd4 fxe4 31. fxe4 Ned7 32. Nd3 Qxe4 33. Qxe4 Bxe4 34. Nb4 Nf6 35. Bf1 N8d7 36. Na6 Nxd5 37. Bc4 c6 38. Bf4 Ne5 39. Bxe5 dxe5 40. Nb4 b5 41. Nxc6 bxc4 42. bxc4 Nf6 43. Nxe5 Bf5 44. Kg2 Be6 45. Kf3 Nd7 46. Nd3 Bxc4 47. Nf2 Kf7 48. h4 Ne5+ 49. Ke4 Ke6 50. Nh3 Bd5+ 51. Kd4 Bf3 52. Nf4+ Kf5 0-1

[Event "Paracin Summer op-A 11th"]
[Site "Paracin"]
[Date "2018.07.07"]
[Round "3"]
[White "Cvetkovic, Nemanja"]
[Black "Harsha, Bharathakoti"]
[Result "0-1"]
[WhiteElo "2278"]
[BlackElo "2465"]
[PlyCount "66"]
[EventDate "2018.07.06"]
[EventType "swiss"]
[EventRounds "9"]
[EventCountry "SRB"]
[SourceTitle "CBM 185 Extra"]
[Source "ChessBase"]
[SourceDate "2018.07.29"]
[SourceVersion "1"]
[SourceVersionDate "2018.07.29"]
[SourceQuality "1"]

1. d4 Nf6 2. c4 e6 3. Nf3 d5 4. Nc3 a6 5. cxd5 exd5 6. Bg5 Be6 7. e3 Nbd7 8. Bd3 Bd6 9. 0-0 0-0 10. Qc2 h6 11. Bf4 Qe7 12. h3 Rac8 13. Ne5 c5 14. Nxd7 Nxd7 15. Bxd6 Qxd6 16. dxc5 Rxc5 17. Rfd1 Rfc8 18. Be2 Qc7 19. Rd4 Ne5 20. Rad1 Qe7 21. Qb3 Nc6 22. Nxd5 Qg5 23. R4d2 Na5 24. Qa4 Bxd5 25. Bg4 Bc6 26. Qd4 Rc4 27. Qb6 Rxg4 28. hxg4 Nc4 29. Rd8+ Kh7 30. Qd4 Rxd8 31. Qxd8 Qxg4 32. Qd3+ f5 33. f3 Bxf3 0-1

[Event "Paracin Winter op"]
[Site "Paracin"]
[Date "2018.02.04"]
[Round "8"]
[White "Djordjevic, Vuk D"]
[Black "Cvetkovic, Nemanja"]
[Result "1/2-1/2"]
[WhiteElo "2340"]
[BlackElo "2254"]
[PlyCount "72"]
[EventDate "2018.01.30"]
[EventType "swiss"]
[EventRounds "9"]
[EventCountry "SRB"]
[SourceTitle "CBM 182 Extra"]
[Source "ChessBase"]
[SourceDate "2018.02.23"]
[SourceVersion "1"]
[SourceVersionDate "2018.02.23"]
[SourceQuality "1"]

1. d4 Nf6 2. Bg5 e6 3. e4 h6 4. Bxf6 Qxf6 5. c3 d6 6. Bd3 g6 7. Ne2 e5 8. 0-0 Bg7 9. f4 Qe7 10. Nd2 0-0 11. Nf3 Nd7 12. Qc2 c5 13. dxe5 dxe5 14. Qd2 c4 15. Bc2 exf4 16. Nxf4 Ne5 17. h3 Nxf3+ 18. Rxf3 Rd8 19. Qf2 Be6 20. Rf1 Rd7 21. Ba4 Rc7 22. Nd5 Bxd5 23. exd5 Rd8 24. Rd1 a6 25. Bc2 Bf8 26. Kh1 Qe5 27. Re3 Qh5 28. Qf4 Bd6 29. Qf6 Rcd7 30. Rde1 Rf8 31. Bd1 Qg5 32. Qxg5 hxg5 33. Bf3 b5 34. Re8 Kg7 35. Kg1 Rxe8 36. Rxe8 Re7 1/2-1/2

[Event "SRB-chT2 East"]
[Site "Serbia"]
[Date "2017.09.09"]
[Round "2.6"]
[White "Cvetkovic, Nemanja"]
[Black "Markovic, Marko"]
[Result "0-1"]
[WhiteElo "2253"]
[BlackElo "2227"]
[PlyCount "126"]
[EventDate "2017.09.08"]
[EventType "team-tourn"]
[EventRounds "11"]
[EventCountry "SRB"]
[SourceTitle "EXT 2022"]
[Source "ChessBase"]
[SourceDate "2021.10.06"]
[SourceVersion "1"]
[SourceVersionDate "2021.10.06"]
[SourceQuality "1"]

1. d4 d5 2. c4 dxc4 3. Nf3 Nf6 4. e3 e6 5. Bxc4 c5 6. Nc3 a6 7. Bb3 b5 8. a4 b4 9. Nb1 Nc6 10. 0-0 Na5 11. Bc2 c4 12. Nbd2 b3 13. Bb1 Rb8 14. Ne4 Nxe4 15. Bxe4 c3 16. Qe2 c2 17. Bd3 Qb6 18. e4 Bb7 19. d5 Bc5 20. Bd2 Bb4 21. dxe6 fxe6 22. Bxb4 Qxb4 23. Ng5 Qe7 24. Qg4 Kd7 25. e5 Bd5 26. Bxa6 Rb4 27. Qg3 h6 28. Nh3 g5 29. Bb5+ Kc7 30. f4 Rf8 31. Qe3 g4 32. Nf2 Rbxf4 33. g3 Rf3 34. Qa7+ Nb7 35. Be2 Qc5 36. Qxc5+ Nxc5 37. Bxf3 Rxf3 38. a5 Kb7 39. a6+ Ka7 40. Ra5 Ne4 41. Raa1 Nxg3 42. Rfe1 Nf5 43. Nxg4 Rd3 44. Kf2 Nd4 45. Ne3 Rd2+ 46. Kg3 Bc6 47. Rf1 Ne2+ 48. Kg4 c1Q 49. Raxc1 Nxc1 50. Rxc1 Bb5 51. Rc5 Kxa6 52. Rc7 Rxb2 53. Re7 Rxh2 54. Rxe6+ Ka5 55. Rd6 Re2 56. Kf3 Re1 57. Rd2 Kb4 58. e6 Ka3 59. e7 Rxe3+ 60. Kxe3 b2 61. Rd1 Ka2 62. Rd8 b1Q 63. Ra8+ Kb2 0-1

[Event "Belgrade Jezero op"]
[Site "Belgrade"]
[Date "2017.08.13"]
[Round "9"]
[White "Cvetkovic, Nemanja"]
[Black "Radivojevic, Milan R"]
[Result "1/2-1/2"]
[WhiteElo "2249"]
[BlackElo "2239"]
[PlyCount "149"]
[EventDate "2017.08.05"]
[EventType "swiss"]
[EventRounds "9"]
[EventCountry "SRB"]
[SourceTitle "CBM 180 Extra"]
[Source "ChessBase"]
[SourceDate "2017.10.06"]
[SourceVersion "1"]
[SourceVersionDate "2017.10.06"]
[SourceQuality "1"]

1. d4 d5 2. c4 c6 3. Nf3 Nf6 4. e3 Bf5 5. Nc3 e6 6. Nh4 Bg6 7. Qb3 Qc7 8. Nxg6 hxg6 9. h3 Nbd7 10. Bd2 Be7 11. 0-0-0 0-0 12. Kb1 Rac8 13. Rc1 Qb6 14. Qxb6 axb6 15. Be2 dxc4 16. Bxc4 b5 17. Bb3 e5 18. Ne2 exd4 19. Nxd4 Nc5 20. Bc2 Nce4 21. Be1 Bc5 22. Nb3 Bb6 23. f3 Nc5 24. Nxc5 Bxc5 25. e4 Be3 26. Rd1 Rcd8 27. g3 Rxd1+ 28. Bxd1 Rd8 29. Kc2 Nd7 30. Rh2 Ne5 31. Be2 g5 32. Rh1 f6 33. Rf1 Bc5 34. a3 Nc4 35. Rh1 Bd4 36. Bc3 Kf7 37. Bxd4 Rxd4 38. Kc3 Rd8 39. Bxc4+ bxc4 40. Kxc4 Rd2 41. b4 Rc2+ 42. Kd4 Ra2 43. Kc5 Rxa3 44. Rf1 Ke6 45. Kb6 Rb3 46. Kxb7 c5 47. b5 Rxb5+ 48. Kc6 Ra5 49. Kb6 Ra2 50. Kxc5 Ke5 51. f4+ gxf4 52. Rxf4 Rc2+ 53. Kb4 Re2 54. Kc3 Re3+ 55. Kd2 Rxg3 56. Rh4 g5 57. Rh6 Rf3 58. h4 g4 59. Rg6 g3 60. Ke2 Kxe4 61. Rg4+ Rf4 62. Rxg3 Rxh4 63. Ra3 Rh2+ 64. Kf1 Rd2 65. Ra4+ Rd4 66. Ra3 Rd3 67. Ra2 f5 68. Kf2 Rd4 69. Rb2 Kf4 70. Rb3 Rd2+ 71. Kf1 Kg4 72. Ra3 f4 73. Rb3 Ra2 74. Rc3 f3 75. Rc8 1/2-1/2

[Event "Belgrade Jezero op"]
[Site "Belgrade"]
[Date "2017.08.08"]
[Round "4"]
[White "Svicevic, Rastko"]
[Black "Cvetkovic, Nemanja"]
[Result "0-1"]
[WhiteElo "2191"]
[BlackElo "2249"]
[PlyCount "88"]
[EventDate "2017.08.05"]
[EventType "swiss"]
[EventRounds "9"]
[EventCountry "SRB"]
[SourceTitle "CBM 180 Extra"]
[Source "ChessBase"]
[SourceDate "2017.10.06"]
[SourceVersion "1"]
[SourceVersionDate "2017.10.06"]
[SourceQuality "1"]

1. e4 Nf6 2. e5 Nd5 3. d4 d6 4. Nf3 dxe5 5. Nxe5 c6 6. Be2 Bf5 7. 0-0 Nd7 8. Nd3 e6 9. Nd2 Bd6 10. Nf3 0-0 11. c4 N5f6 12. Be3 Ng4 13. Bg5 Qc7 14. g3 h6 15. Bd2 Rfd8 16. Nh4 Bh7 17. f4 c5 18. f5 Nxh2 19. Rf4 exf5 20. Kxh2 g5 21. Nxf5 gxf4 22. Nxh6+ Kg7 23. Nxf4 Nf6 24. Bh5 Rh8 25. Nxf7 Bxf4 26. Bxf4 Bc2 27. Bxc7 Bxd1 28. Nxh8 Bxh5 29. dxc5 Rxh8 30. Kg2 Bg6 31. Be5 Be4+ 32. Kf2 Rh5 33. Bd4 Kg6 34. g4 Rh2+ 35. Ke3 Bc6 36. g5 Rh3+ 37. Ke2 Ne4 38. b4 Nxg5 39. b5 Bf3+ 40. Kf2 Rh2+ 41. Kg3 Rg2+ 42. Kf4 Rc2 43. Rg1 Bg2 44. c6 Nh3+ 0-1

[Event "Veliko Gradiste Silver Lake op-A"]
[Site "Veliko Gradiste"]
[Date "2017.06.21"]
[Round "5"]
[White "Cvetkovic, Nemanja"]
[Black "Jovanovic, Bojan P"]
[Result "1-0"]
[WhiteElo "2243"]
[BlackElo "2190"]
[PlyCount "47"]
[EventDate "2017.06.18"]
[EventType "swiss"]
[EventRounds "9"]
[EventCountry "SRB"]
[SourceTitle "CBM 179 Extra"]
[Source "ChessBase"]
[SourceDate "2017.08.23"]
[SourceVersion "1"]
[SourceVersionDate "2017.08.23"]
[SourceQuality "1"]

1. d4 e6 2. c4 f5 3. Nf3 Nf6 4. g3 Be7 5. Bg2 d6 6. 0-0 0-0 7. Nc3 Qe8 8. Ne1 Qh5 9. Nd3 Qe8 10. b4 Nc6 11. d5 Nd8 12. Nb5 Qd7 13. dxe6 Nxe6 14. Nf4 Nxf4 15. Bxf4 Nh5 16. Be3 a6 17. Na7 c6 18. b5 axb5 19. cxb5 d5 20. bxc6 bxc6 21. Nxc6 Nf6 22. Bxd5+ Nxd5 23. Qxd5+ Rf7 24. Nxe7+ 1-0

[Event "Veliko Gradiste Silver Lake op-A"]
[Site "Veliko Gradiste"]
[Date "2017.06.19"]
[Round "3"]
[White "Cvetkovic, Nemanja"]
[Black "Dogan, Mire Deniz"]
[Result "1/2-1/2"]
[WhiteElo "2243"]
[BlackElo "2040"]
[PlyCount "82"]
[EventDate "2017.06.18"]
[EventType "swiss"]
[EventRounds "9"]
[EventCountry "SRB"]
[SourceTitle "CBM 179 Extra"]
[Source "ChessBase"]
[SourceDate "2017.08.23"]
[SourceVersion "1"]
[SourceVersionDate "2017.08.23"]
[SourceQuality "1"]

1. d4 Nf6 2. c4 e6 3. Nf3 b6 4. g3 Ba6 5. Qc2 c5 6. d5 exd5 7. cxd5 d6 8. Nc3 Be7 9. e4 Bxf1 10. Kxf1 Nbd7 11. Kg2 a6 12. a4 Ng4 13. Bf4 Nge5 14. Bxe5 Nxe5 15. Nxe5 dxe5 16. Rhd1 Bd6 17. Rd2 0-0 18. Nd1 b5 19. b3 Qd7 20. Ne3 g6 21. Qd3 f5 22. axb5 fxe4 23. Qxe4 axb5 24. Rxa8 Rxa8 25. Ng4 Kg7 26. Nxe5 Qf5 27. Qxf5 gxf5 28. Nc6 Ra3 29. Nd8 Be7 30. Ne6+ Kf6 31. Rc2 Rxb3 32. Nxc5 Rb1 33. Nb7 Ba3 34. d6 Rd1 35. Rc6 Ke6 36. Rb6 Rd5 37. h4 Kd7 38. h5 h6 39. Kf3 Bb4 40. Kg2 Kc8 41. Kf3 Kd7 1/2-1/2

[Event "Paracin-ch"]
[Site "Paracin"]
[Date "2017.02.04"]
[Round "6"]
[White "Cvetkovic, Nemanja"]
[Black "Tosic, Srecko"]
[Result "0-1"]
[WhiteElo "2220"]
[BlackElo "2334"]
[PlyCount "118"]
[EventDate "2017.01.31"]
[EventType "swiss"]
[EventRounds "9"]
[EventCountry "SRB"]
[SourceTitle "CBM 176 Extra"]
[Source "ChessBase"]
[SourceDate "2017.03.02"]
[SourceVersion "1"]
[SourceVersionDate "2017.03.02"]
[SourceQuality "1"]

1. d4 c5 2. d5 e5 3. c4 d6 4. e4 Nf6 5. Nc3 Be7 6. Nf3 Nbd7 7. Be2 0-0 8. 0-0 Ne8 9. a3 g6 10. Bh6 Ng7 11. Qd2 Nf6 12. Ne1 Re8 13. Nd3 Nd7 14. f4 exf4 15. Qxf4 f6 16. b4 b6 17. Rfb1 Bf8 18. bxc5 bxc5 19. Rb3 Qe7 20. Bg4 Nb6 21. Be2 Nxc4 22. Nxc5 Qc7 23. N5a4 Na5 24. Rb4 Qe7 25. Bb5 Nh5 26. Qd2 Bd7 27. Bxf8 Rxf8 28. Rab1 Rac8 29. Qd4 Rc7 30. Bf1 f5 31. Re1 Qh4 32. g3 Qg5 33. exf5 Nxg3 34. Qg4 Qxg4 35. Rxg4 Nxf1 36. Rxf1 Rxf5 37. Rxf5 Bxf5 38. Rb4 Bd3 39. Kf2 Nc4 40. Rb8+ Kg7 41. Rd8 Rf7+ 42. Kg3 Kf6 43. Nb5 Ke5 44. Nac3 Re7 45. Ra8 Nb6 46. Rxa7 Rxa7 47. Nxa7 Kd4 48. Nab5+ Kc5 49. Nc7 Kd4 50. N3b5+ Bxb5 51. Nxb5+ Kxd5 52. Kf4 h6 53. h4 Ke6 54. Nc3 Nd5+ 55. Nxd5 Kxd5 56. a4 Kc5 57. a5 Kb5 58. Ke4 Kxa5 59. Kd5 g5 0-1

[Event "Paracin-ch"]
[Site "Paracin"]
[Date "2017.02.03"]
[Round "5"]
[White "Zlatanovic, Boroljub"]
[Black "Cvetkovic, Nemanja"]
[Result "1-0"]
[WhiteElo "2408"]
[BlackElo "2220"]
[PlyCount "93"]
[EventDate "2017.01.31"]
[EventType "swiss"]
[EventRounds "9"]
[EventCountry "SRB"]
[SourceTitle "CBM 176 Extra"]
[Source "ChessBase"]
[SourceDate "2017.03.02"]
[SourceVersion "1"]
[SourceVersionDate "2017.03.02"]
[SourceQuality "1"]

1. Nc3 d5 2. e4 dxe4 3. Nxe4 Nd7 4. Bc4 e6 5. d4 Ngf6 6. Nxf6+ Nxf6 7. Nf3 Bd6 8. 0-0 0-0 9. Qe2 b6 10. Ne5 Bb7 11. Bg5 Be7 12. Rad1 Nd7 13. Nxf7 Rxf7 14. Qxe6 Bxg5 15. Qxf7+ Kh8 16. Rfe1 Qg8 17. Qxg8+ Rxg8 18. Bxg8 Kxg8 19. c4 a5 20. b3 Kf7 21. f3 Nb8 22. Kf2 Be7 23. Re2 Nc6 24. Rxe7+ Kxe7 25. Ke3 Kd6 26. d5 Nb4 27. a3 Na6 28. Kd4 Nc5 29. b4 axb4 30. axb4 Na6 31. Kc3 Bc8 32. Re1 Bd7 33. Ra1 Bc8 34. f4 h5 35. g3 g6 36. h3 Ke7 37. g4 hxg4 38. hxg4 Kd6 39. g5 Ke7 40. Ra2 Kd6 41. f5 gxf5 42. Re2 f4 43. g6 f3 44. Rf2 Bf5 45. g7 Bh7 46. Rxf3 c5 47. b5 1-0

[Event "Paracin-ch"]
[Site "Paracin"]
[Date "2017.02.02"]
[Round "4"]
[White "Popovic, Djordje D"]
[Black "Cvetkovic, Nemanja"]
[Result "0-1"]
[WhiteElo "2283"]
[BlackElo "2220"]
[PlyCount "92"]
[EventDate "2017.01.31"]
[EventType "swiss"]
[EventRounds "9"]
[EventCountry "SRB"]
[SourceTitle "CBM 176 Extra"]
[Source "ChessBase"]
[SourceDate "2017.03.02"]
[SourceVersion "1"]
[SourceVersionDate "2017.03.02"]
[SourceQuality "1"]

1. d4 Nf6 2. c4 e6 3. Nc3 Bb4 4. e3 0-0 5. a3 Bxc3+ 6. bxc3 b6 7. Bd3 Bb7 8. f3 c5 9. Ne2 Nc6 10. Ng3 Rc8 11. Bb2 Na5 12. Rc1 Ba6 13. Qe2 Qc7 14. d5 exd5 15. cxd5 Bxd3 16. Qxd3 c4 17. Qd1 Nb3 18. Rc2 g6 19. e4 Qc5 20. Bc1 d6 21. h4 Nd7 22. h5 Ne5 23. Bh6 Rfe8 24. Kf1 Nd3 25. Qe2 f5 26. hxg6 hxg6 27. Be3 Qb5 28. Nxf5 gxf5 29. g4 Rc7 30. Qh2 Rg7 31. Qh8+ Kf7 32. Qh5+ Ke7 33. Qxf5 Kd8 34. Qf6+ Rge7 35. Rh7 Nbc5 36. Rxe7 Rxe7 37. Rh2 Kd7 38. Rh8 Qb1+ 39. Kg2 Ne1+ 40. Kh3 Qc2 41. Qf5+ Ne6 42. dxe6+ Kc7 43. Qf8 Qg2+ 44. Kh4 Nxf3+ 45. Kh5 Qh3+ 46. Kg6 Qxg4+ 0-1

[Event "Paracin-ch"]
[Site "Paracin"]
[Date "2017.01.31"]
[Round "1"]
[White "Cvetkovic, Nemanja"]
[Black "Jovanovic, Ivan M"]
[Result "1-0"]
[WhiteElo "2220"]
[BlackElo "1685"]
[PlyCount "61"]
[EventDate "2017.01.31"]
[EventType "swiss"]
[EventRounds "9"]
[EventCountry "SRB"]
[SourceTitle "CBM 176 Extra"]
[Source "ChessBase"]
[SourceDate "2017.03.02"]
[SourceVersion "1"]
[SourceVersionDate "2017.03.02"]
[SourceQuality "1"]

1. d4 d6 2. Nf3 Nf6 3. g3 g6 4. Bg2 Bg7 5. 0-0 0-0 6. b3 c6 7. Bb2 Bg4 8. h3 Bd7 9. c4 Qc8 10. Kh2 Na6 11. Nc3 Rb8 12. Rc1 Re8 13. d5 c5 14. Qd2 Nc7 15. e4 b5 16. e5 b4 17. exf6 bxc3 18. Bxc3 exf6 19. Qf4 Re5 20. Nxe5 fxe5 21. Qh4 Ne8 22. g4 Bf6 23. g5 Be7 24. f4 Qd8 25. fxe5 Bxg5 26. Qf2 Qe7 27. Rce1 Bh4 28. exd6 Qxd6+ 29. Be5 Bxf2 30. Bxd6 Bxe1 31. Bxb8 1-0

[Event "SRB-chT3 East CS"]
[Site "Kladovo"]
[Date "2016.10.16"]
[Round "11.52"]
[White "Cvetkovic, Nemanja"]
[Black "Jovic, Mirko"]
[Result "1/2-1/2"]
[WhiteElo "2206"]
[BlackElo "2200"]
[PlyCount "32"]
[EventDate "2016.09.04"]
[EventType "team-tourn"]
[EventRounds "11"]
[EventCountry "SRB"]
[SourceTitle "EXT 2021"]
[Source "ChessBase"]
[SourceDate "2020.10.23"]
[SourceVersion "1"]
[SourceVersionDate "2020.10.23"]
[SourceQuality "1"]

1. d4 Nf6 2. Nf3 b6 3. g3 Bb7 4. Bg2 e6 5. c4 Bb4+ 6. Nbd2 0-0 7. 0-0 d5 8. cxd5 exd5 9. Ne5 Nbd7 10. Nd3 Bd6 11. Nf3 Re8 12. Bf4 Nf8 13. Rc1 Ne6 14. Bxd6 Qxd6 15. Qa4 c5 16. b3 cxd4 1/2-1/2

[Event "SRB-chT3 East CS"]
[Site "Kladovo"]
[Date "2016.10.14"]
[Round "7.42"]
[White "Cvetkovic, Nemanja"]
[Black "Radakovic, Stevan"]
[Result "1-0"]
[WhiteElo "2206"]
[BlackElo "2087"]
[PlyCount "109"]
[EventDate "2016.09.04"]
[EventType "team-tourn"]
[EventRounds "11"]
[EventCountry "SRB"]
[SourceTitle "EXT 2021"]
[Source "ChessBase"]
[SourceDate "2020.10.23"]
[SourceVersion "1"]
[SourceVersionDate "2020.10.23"]
[SourceQuality "1"]

1. d4 Nf6 2. c4 e6 3. Nf3 d5 4. Nc3 c6 5. e3 Bd6 6. Bd3 h6 7. 0-0 Nbd7 8. e4 dxe4 9. Nxe4 Nxe4 10. Bxe4 0-0 11. b3 Re8 12. Bb2 Nf8 13. Qd2 Be7 14. Rad1 Qc7 15. d5 cxd5 16. cxd5 exd5 17. Bxd5 Be6 18. Rc1 Qd7 19. Bxe6 Qxe6 20. Rc7 Qb6 21. Qd4 Ne6 22. Qxb6 axb6 23. Rxb7 Rxa2 24. Bc3 Rc2 25. Bd2 Bd8 26. b4 Rb2 27. h3 Bc7 28. Rc1 Re7 29. Bc3 Rb3 30. Be5 Bd8 31. Rb8 Rd7 32. Rc4 Kh7 33. Kh2 Rd5 34. Bg3 b5 35. Rcc8 Rxb4 36. Ne5 Rbd4 37. Nxf7 Kg6 38. Ne5+ Kf5 39. Nc6 Rd1 40. Rb7 g5 41. Nb4 R5d2 42. Rxb5+ Kf6 43. Be5+ Kf7 44. Bg3 Rb1 45. Rb7+ Kf6 46. Nd5+ Rxd5 47. Rxb1 h5 48. h4 Kf5 49. hxg5 Bxg5 50. Rh8 Ng7 51. Rb6 Rd4 52. Rb5+ Kg6 53. Rxg5+ Kxg5 54. Rg8 Kg6 55. Rxg7+ 1-0

[Event "SRB-chT3 East CS"]
[Site "Kladovo"]
[Date "2016.10.13"]
[Round "6.42"]
[White "Cvetkovic, Nemanja"]
[Black "Cvetanovic, Uros"]
[Result "0-1"]
[WhiteElo "2206"]
[BlackElo "2247"]
[PlyCount "110"]
[EventDate "2016.09.04"]
[EventType "team-tourn"]
[EventRounds "11"]
[EventCountry "SRB"]
[SourceTitle "EXT 2021"]
[Source "ChessBase"]
[SourceDate "2020.10.23"]
[SourceVersion "1"]
[SourceVersionDate "2020.10.23"]
[SourceQuality "1"]

1. d4 Nf6 2. c4 e6 3. Nf3 b6 4. g3 Bb7 5. Bg2 Bb4+ 6. Nbd2 0-0 7. 0-0 Re8 8. Qc2 Bxd2 9. Bxd2 d6 10. Rfe1 Be4 11. Qb3 Nbd7 12. Bh3 h6 13. Bc3 a5 14. Nd2 Bb7 15. e4 e5 16. d5 Nc5 17. Qc2 Bc8 18. Bg2 Nh5 19. Nf1 Rf8 20. Qe2 g6 21. Ne3 Qe8 22. Nf5 Kh7 23. Bd2 Bxf5 24. exf5 Ng7 25. fxg6+ fxg6 26. f4 exf4 27. Bxf4 Qxe2 28. Rxe2 Rae8 29. Rxe8 Rxe8 30. Bf1 Nf5 31. Rd1 g5 32. Bd2 Kg6 33. Re1 Rxe1 34. Bxe1 Ne3 35. Bc3 Nxf1 36. Kxf1 Kf5 37. Ke2 Ke4 38. Bg7 h5 39. Bf6 g4 40. Bd8 Na6 41. Bf6 a4 42. b3 Nb4 43. bxa4 Nxa2 44. Kd2 Nb4 45. Bd8 Na6 46. Kc3 Kf3 47. Kd4 Kg2 48. Ke3 Kxh2 49. Kf2 Kh3 50. Be7 Kh2 51. Bd8 Nc5 52. Bxc7 h4 53. gxh4 g3+ 54. Kf3 g2 55. Bxd6+ Kh1 0-1

[Event "SRB Central-ch op-A 9th"]
[Site "Paracin"]
[Date "2016.07.11"]
[Round "5"]
[White "Can, Isik"]
[Black "Cvetkovic, Nemanja"]
[Result "0-1"]
[WhiteElo "2072"]
[BlackElo "2227"]
[PlyCount "58"]
[EventDate "2016.07.07"]
[EventType "swiss"]
[EventRounds "9"]
[EventCountry "SRB"]
[SourceTitle "CBM 173 Extra"]
[Source "ChessBase"]
[SourceDate "2016.08.29"]
[SourceVersion "1"]
[SourceVersionDate "2016.08.29"]
[SourceQuality "1"]

1. e4 Nf6 2. e5 Nd5 3. d4 d6 4. c4 Nb6 5. exd6 exd6 6. Nc3 Be7 7. Bd3 Nc6 8. Nge2 0-0 9. 0-0 Bf6 10. b3 Bg4 11. Be3 Qd7 12. f3 Bf5 13. Bxf5 Qxf5 14. Ng3 Qd7 15. Nge4 Qd8 16. d5 Bxc3 17. Nxc3 Ne7 18. Qd3 Qd7 19. Ne4 Qf5 20. Bd4 Nd7 21. Rfe1 Rfe8 22. Re2 Qg6 23. Rae1 Nf5 24. Bb2 Ne5 25. Bxe5 dxe5 26. Nc5 b6 27. Rxe5 Rxe5 28. Rxe5 Nh4 29. Ne4 Qxg2# 0-1

[Event "Belgrade-chT"]
[Site "Belgrade"]
[Date "2015.09.30"]
[Round "9.1"]
[White "Cvetkovic, Nemanja"]
[Black "Zivkovic, Ivan R"]
[Result "1-0"]
[WhiteElo "2254"]
[BlackElo "2043"]
[PlyCount "39"]
[EventDate "2015.09.21"]
[EventType "team-tourn"]
[EventRounds "9"]
[EventCountry "SRB"]
[SourceTitle "CBM 168 Extra"]
[Source "ChessBase"]
[SourceDate "2015.10.29"]
[SourceVersion "1"]
[SourceVersionDate "2015.10.29"]
[SourceQuality "1"]
[WhiteTeam "Belgrade Sigurnost"]
[BlackTeam "Belgrade Vodovod"]
[WhiteTeamCountry "SRB"]
[BlackTeamCountry "SRB"]

1. d4 d6 2. Nf3 Nf6 3. g3 g6 4. Bg2 Bg7 5. 0-0 0-0 6. b3 c6 7. c4 a5 8. Nc3 h6 9. Bb2 Nbd7 10. e4 e5 11. Qd2 Qc7 12. Rfd1 Re8 13. dxe5 dxe5 14. Ba3 Qb6 15. Bd6 Nh7 16. Na4 Qa7 17. c5 Nhf8 18. Qe3 Ne6 19. Nb6 Rb8 20. Nxd7 1-0